000 00310nam a22001337a 4500
008 181102b xxu||||| |||| 00| 0 eng d
020 _a9781587781865
041 _aeng
080 _a341
100 _a15
101 _aJUR
245 _aThe Forms And Fuctions Tort Law
_cAbrahan.k.s
942 _2udc
_cBK
999 _c51698
_d51698